000 00529cam a2200205ua 4500
001 8849
005 20260515114404.0
008 150216n ii |||gr||||Z||||||eng
020 _a0521586518
040 _cMAIN
041 _aeng
082 _a820
100 _aSpratt, M.,
_eAuthor.
245 1 _aEnglish for the teacher :
_bLanguage development course /
_cBy Mary Spratt .
250 _a1st.
260 _aNew Delhi:
_bCambridge,
_c1996.
300 _ax,158p.
653 _aEnglish.& Old English literatures
942 _cBK
999 _c7937
_d7937